Ekstraklasa 2025/26 First XI - Statistics

General Stats
  • This quiz has been taken 115 times
  • The average score is 58 of 176
Answer Stats
Club Position Nationality Player % Correct
Jagiellonia FW Afimico Pululu
92%
Jagiellonia AM Jesús Imaz
82%
Lech Poznań FW Mikael Ishak
78%
Arka Gdynia LB Dawid Abramowicz
77%
Jagiellonia GK Sławomir Abramowicz
77%
Lech Poznań GK Bartosz Mrozek
74%
Jagiellonia LW Oskar Pietuszewski
68%
Lech Poznań CB Antonio Milić
64%
Raków FW Jonatan Braut Brunes
60%
Lech Poznań CM Antoni Kozubal
58%
Lech Poznań RM Joel Pereira
58%
Raków GK Kacper Trelowski
56%
Katowice FW Bartosz Nowak
55%
Raków DM Fran Tudor
53%
Widzew Łódź FW Sebastian Bergier
53%
Lechia Gdańsk FW Tomáš Bobček
53%
Widzew Łódź AM Juljan Shehu
52%
Widzew Łódź LW Mariusz Fornalczyk
51%
Lech Poznań CB Michał Gurgul
51%
Widzew Łódź GK Rafał Gikiewicz
51%
Górnik Zabrze LB Erik Janža
49%
Jagiellonia LB Bartłomiej Wdowik
48%
Pogoń Szczecin LW Kamil Grosicki
48%
Lech Poznań RB Robert Gumny
48%
Raków CB Stratos Svarnas
48%
Widzew Łódź AM Fran Álvarez
47%
Motor Lubin AM Mbaye Jacques Ndiaye
47%
Pogoń Szczecin FW Efthimis Koulouris
45%
Raków DM Oskar Repka
45%
Cracovia RB Otar Kakabadze
45%
Jagiellonia CB Yuki Kobayashi
45%
Cracovia RM Ajdin Hasić
44%
Lechia Gdańsk RM Camilo Mena
44%
Pogoń Szczecin AM José Pozo
44%
Wisła Płock GK Rafał Leszczyński
44%
Raków CB Zoran Arsenić
44%
Lech Poznań CB Alex Douglas
43%
Jagiellonia RB Norbert Wojtuszek
43%
Pogoń Szczecin GK Valentin Cojocaru
43%
Lech Poznań LM Filip Jagiełło
42%
Wisła Płock FW Iván Salvador
42%
Górnik Zabrze CB Rafał Janicki
42%
Cracovia FW Filip Stojilković
40%
Motor Lubin RB Filip Wójcik
40%
Radomiak Radom RB Jan Grzesik
40%
Wisła Płock CB Marcin Kamiński
40%
Raków AM Michael Ameyaw
40%
Nieciecza FW Morgan Faßbender
40%
Cracovia CB Oskar Wójcik
40%
Korona Kielce FW Dawid Błanik
39%
Zagłębie Lubin GK Dominik Hładun
39%
Lech Poznań CM Gísli Þórðarson
39%
Wisła Płock FW Łukasz Sekulski
39%
Górnik Zabrze DM Patrik Hellebrand
39%
Korona Kielce GK Xavier Dziekonski
39%
Raków CB Ariel Mosór
38%
Motor Lubin DM Bartosz Wolski
38%
Radomiak Radom AM Capita
38%
Jagiellonia CB Dušan Stojinovič
38%
Radomiak Radom GK Filip Majchrowicz
38%
Nieciecza LM Maciej Wolski
38%
Zagłębie Lubin FW Michalis Kosidis
38%
Katowice LM Borja Galán
35%
Arka Gdynia RB Dominick Zator
35%
Nieciecza FW Kamil Zapolnik
35%
Katowice CB Lukas Klemenz
35%
Górnik Zabrze GK Marcel Łubik
35%
Pogoń Szczecin CB Marian Huja
35%
Widzew Łódź CB Mateusz Żyro
35%
Arka Gdynia CM Sebastian Kerk
35%
Katowice GK Dawid Kudła
34%
Motor Lubin AM Michał Król
34%
Zagłębie Lubin CB Michał Nalepa
34%
Nieciecza GK Miłosz Mleczko
34%
Widzew Łódź LB Samuel Kozlovský
34%
Pogoń Szczecin AM Adrian Przyborek
32%
Katowice CB Arkadiusz Jędrych
32%
Lechia Gdańsk FW Bohdan Viunnyk
32%
Cracovia GK Henrich Ravas
32%
Górnik Zabrze CB Josema
32%
Raków DM Karol Struski
32%
Pogoń Szczecin LB Leonardo Borges
32%
Lechia Gdańsk CM Rifet Kapić
32%
Cracovia CM Amir Al Ammari
31%
Arka Gdynia GK Damian Węglarz
31%
Jagiellonia AM Leon Flach
31%
Widzew Łódź DM Lindon Selahi
31%
Katowice CM Mateusz Kowalczyk
31%
Widzew Łódź RW Samuel Akere
31%
Górnik Zabrze AM Jarosław Kubicki
30%
Nieciecza CM Krzysztof Kubica
30%
Cracovia LM Martin Minchev
30%
Radomiak Radom FW Abdoul-Fessal Tapsoba
29%
Wisła Płock CM Daniel Pacheco
29%
Korona Kielce CM Martin Remacle
29%
Raków AM Patryk Makuch
29%
Widzew Łódź CB Ricardo Visus
29%
Korona Kielce FW Tamar Svetlin
29%
Górnik Zabrze RW Taofeek Ismaheel
29%
Lechia Gdańsk CB Elias Olsson
27%
Lechia Gdańsk CM Ivan Zhelizko
27%
Zagłębie Lubin LM Kajetan Szmyt
27%
Jagiellonia RW Louka Prip
27%
Katowice FW Maciej Rosołek
27%
Arka Gdynia CB Michał Marcjanik
27%
Katowice FW Adrian Błąd
26%
Pogoń Szczecin CB Danijel Loncar
26%
Pogoń Szczecin DM Fredrik Ulvestad
26%
Arka Gdynia FW Hide Vitalucci
26%
Lech Poznań LB Leo Bengtsson
26%
Korona Kielce CM Nono
26%
Arka Gdynia FW Tornike Gaprindashvili
26%
Wisła Płock CM Dominik Kun
25%
Cracovia CM Mikkel Maigaard
25%
Pogoń Szczecin RW Paul Mukairu
25%
Radomiak Radom AM Roberto Alves
25%
Raków DM Srđan Plavšić
25%
Lechia Gdańsk RB Alvis Jaunzems
23%
Lechia Gdańsk CB Bujar Pllana
23%
Nieciecza CB Gabriel Isik
23%
Motor Lubin DM Jakub Łabojko
23%
Pogoń Szczecin RB Linus Wahlqvist
23%
Katowice RM Marcin Wasielewski
23%
Zagłębie Lubin RM Mateusz Wdowiak
23%
Zagłębie Lubin CB Aleks Ławniczak
22%
Wisła Płock CB Andrias Edmundsson
22%
Zagłębie Lubin CB Filip Kocaba
22%
Motor Lubin GK Gašper Tratnik
22%
Zagłębie Lubin LB Roman Yakuba
22%
Radomiak Radom CB Steve Kingue
22%
Górnik Zabrze FW Theodoros Tsirigotis
22%
Katowice CB Alan Czerwiński
21%
Motor Lubin CB Arkadiusz Najemski
21%
Arka Gdynia CM Aurélien Nguiamba
21%
Nieciecza CB Bartosz Kopacz
21%
Motor Lubin FW Christopher Simon
21%
Zagłębie Lubin CM Damian Dąbrowski
21%
Cracovia LB Davíð Ólafsson
21%
Motor Lubin CB Hervé Matthys
21%
Korona Kielce LM Konrad Matuszewski
21%
Nieciecza CM Maciej Ambrosiewicz
21%
Motor Lubin AM Mathieu Scalet
21%
Radomiak Radom DM Michał Kaput
21%
Zagłębie Lubin CM Adam Radwański
19%
Arka Gdynia CM Alassane Sidibe
19%
Lechia Gdańsk GK Bohdan Sarnavskyi
19%
Górnik Zabrze AM Goh Youngjun
19%
Wisła Płock CM Jime
19%
Arka Gdynia CB Julien Celestine
19%
Motor Lubin LB Krystian Palacz
19%
Lechia Gdańsk LB Matúš Vojtko
19%
Widzew Łódź RB Peter Therkildsen
19%
Radomiak Radom AM Vasco Lopes
19%
Korona Kielce FW Vladimir Nikolov
19%
Nieciecza RM Damian Hilbrycht
18%
Arka Gdynia FW Dawid Kocyła
18%
Korona Kielce RM Hubert Zwozny
18%
Nieciecza FW Igor Strzałek
18%
Zagłębie Lubin RB Josip Ćorluka
18%
Cracovia CB Dominik Piła
17%
Cracovia CB Gustav Henriksson
17%
Górnik Zabrze LW Kamil Lukoszek
17%
Korona Kielce CB Marcel Pięczek
17%
Górnik Zabrze RB Paweł Olkowski
17%
Lechia Gdańsk LM Tomasz Wójtowicz
17%
Radomiak Radom LB João Pedro
16%
Wisła Płock CB Marcus Haglind-Sangré
16%
Jagiellonia DM Taras Romanchuk
16%
Wisła Płock LB Bojan Nastić
14%
Korona Kielce CB Jakub Budnicki
14%
Radomiak Radom CB Jérémy Blasco
13%
Wisła Płock RB Kevin Custovic
10%
Katowice CM Kacper Lukasiak
9%
Radomiak Radom DM Bruno Jordão
8%
Korona Kielce CB Costas Soteriou
5%
Nieciecza CB Arkadiusz Kasparkiewicz
1%
No matching quizzes found
Score Distribution
Percent of People with Each Score
Percentile by Number Answered
Your Score History
You have not taken this quiz